000 00556nam a22002057a 4500
999 _c6412
_d6412
003 OSt
005 20191211153700.0
008 191211b ||||| |||| 00| 0 eng d
020 _a9780495554974
040 _cDDC
082 _a515 STE 2006
100 _aStewart, James; Redlin, Lothar
_913154
245 _aPrecalculus: Mathematics for calculus
250 _a5th ed.
260 _aUSA;
_bThomson; Benjamin Cummings,
_c2006
300 _a933p;
_bCol.ill:
_c25cm
504 _aAnswers, & Index included
650 _aCalculus
_9764
942 _2z
_cO_SHELF